| 000 | 00574nam a2200169 a 4500 | ||
|---|---|---|---|
| 001 | 000040726 | ||
| 005 | 20201002034332.0 | ||
| 008 | 130905s2011 ve 000 0 spa d | ||
| 020 | _a9788888475424 | ||
| 100 | 1 |
_aBerroa, Rei _9319 |
|
| 245 | 1 | 0 |
_aPremio internacionales trieste poesía 2011 / _cRei Berroa. |
| 246 | 1 | 3 |
_aEufemistica per vivere tranquilli, antología poetica _bPremio internacionale trieste poesía |
| 260 |
_a[Caracas] : _bFranco Puzzo Editore. |
||
| 300 |
_a48 p. ; _c22 cm. |
||
| 586 | _aPremio internacionales trieste poesía 2011 | ||
| 999 |
_c40216 _d40216 |
||
| 040 | _aDO-SdBNP | ||